Biochimie générale, (Record no. 15813)

000 -LEADER
fixed length control field 00341cam a2200133u 4500
040 ## - CATALOGING SOURCE
Transcribing agency CarP
082 ## - DEWEY DECIMAL CLASSIFICATION NUMBER
Classification number 572 MAS 1972 A080 Or.
100 1# - MAIN ENTRY--AUTHOR NAME
Personal name Weil, Jacques Henry. [from old catalog]
245 10 - TITLE STATEMENT
Title Biochimie générale,
260 ## - PUBLICATION, DISTRIBUTION, ETC. (IMPRINT)
Place of publication Paris,
Name of publisher Masson,
Year of publication 1972.
300 ## - PHYSICAL DESCRIPTION
Number of Pages xvi, 394 p.
Other physical details illus.
Dimensions 21 cm.
650 #0 - SUBJECT ADDED ENTRY--TOPICAL TERM
Topical Term Biochemistry.
942 ## - ADDED ENTRY ELEMENTS (KOHA)
Koha item type សៀវភៅភាសាបារាំង
952 ## - LOCATION AND ITEM INFORMATION (KOHA)
Withdrawn status [LOCAL, KOHA] 0
Holdings
Permanent Location Date acquired Koha item type Lost status Shelving location Barcode Current Location Full call number
Library Block A2017-12-12សៀវភៅភាសាបារាំង A080A18749Library Block A572 MAS 1972 A080 Or.
មជ្ឈមណ្ឌលឯការនៃសាកលវិទ្យាល័យភូមិន្ទកសិកម្មចំការដូង

Powered by Koha